Análisis estructural de sectores estratégicos / (Registro nro. 6093)
[ vista simple ]
| 000 -LEADER | |
|---|---|
| fixed length control field | 01710nam a2200325Ia 4500 |
| 003 - CONTROL NUMBER IDENTIFIER | |
| control field | OSt |
| 005 - DATE AND TIME OF LATEST TRANSACTION | |
| control field | 20201020140408.0 |
| 008 - FIXED-LENGTH DATA ELEMENTS--GENERAL INFORMATION | |
| fixed length control field | 191128s2008 ck ad gr 000 0 spa d |
| 020 ## - INTERNATIONAL STANDARD BOOK NUMBER | |
| International Standard Book Number | 9789588378121 |
| 040 ## - CATALOGING SOURCE | |
| Original cataloging agency | CO-JMCR |
| Transcribing agency | CO-JMCR |
| 041 0# - LANGUAGE CODE | |
| Language code of text/sound track or separate title | spa |
| 082 04 - DEWEY DECIMAL CLASSIFICATION NUMBER | |
| Classification number | 658.4012 / |
| Item number | R277a |
| Edition number | 23 |
| 100 1# - MAIN ENTRY--PERSONAL NAME | |
| Personal name | Restrepo Puerta, Luis Fernando, |
| Relator term | autor |
| 9 (RLIN) | 11749 |
| 245 10 - TITLE STATEMENT | |
| Title | Análisis estructural de sectores estratégicos / |
| Statement of responsibility, etc. | Luis Fernando Restrepo Puerta, Hugo Alberto Rivera Rodríguez |
| 250 ## - EDITION STATEMENT | |
| Edition statement | Segunda edicón |
| 260 ## - PUBLICATION, DISTRIBUTION, ETC. | |
| Place of publication, distribution, etc. | Bogotá : |
| Name of publisher, distributor, etc. | Universidad del Rosario, |
| Date of publication, distribution, etc. | 2008. |
| 300 ## - PHYSICAL DESCRIPTION | |
| Extent | 235 páginas, [2] hojas plegables : |
| Other physical details | diagramas, gráficos a blanco y negro ; |
| Dimensions | 24 cm. |
| 490 0# - SERIES STATEMENT | |
| Series statement | Lecciones de administración |
| 500 ## - GENERAL NOTE | |
| General note | Incluye índice de gráficos y tablas. Incluye notas a pie de páginas, Incluye datos biográficos de los autores en solapa. |
| 504 ## - BIBLIOGRAPHY, ETC. NOTE | |
| Bibliography, etc. note | Bibliografía: páginas 192-196. |
| 505 0# - FORMATTED CONTENTS NOTE | |
| Formatted contents note | Análisis estructural de sectores estratégicos -- Análisis de hacinamiento -- Levantamiento del panomara competitivo -- Análisis estructural de fuerzas del mercado en tiempo real -- Estudio de competidores |
| 520 0# - SUMMARY, ETC. | |
| Summary, etc. | La segunda edición de este libro presenta un conjunto de novedades importantes, entre la que se encuentra una serie de aplicaciones completas adelantadas en diferentes sectores estratégicos de nuestro país, que, sin duda, permitirán comprender mejor la fo |
| 650 24 - SUBJECT ADDED ENTRY--TOPICAL TERM | |
| Topical term or geographic name entry element | Administración de empresas |
| 9 (RLIN) | 11750 |
| 650 24 - SUBJECT ADDED ENTRY--TOPICAL TERM | |
| Topical term or geographic name entry element | Análisis de mercado |
| 9 (RLIN) | 11751 |
| 650 24 - SUBJECT ADDED ENTRY--TOPICAL TERM | |
| Topical term or geographic name entry element | Planificación estratégica |
| 9 (RLIN) | 262 |
| 650 24 - SUBJECT ADDED ENTRY--TOPICAL TERM | |
| Topical term or geographic name entry element | Mercadeo |
| 9 (RLIN) | 11752 |
| 650 24 - SUBJECT ADDED ENTRY--TOPICAL TERM | |
| Topical term or geographic name entry element | Planificación económica |
| 9 (RLIN) | 3241 |
| 700 1# - ADDED ENTRY--PERSONAL NAME | |
| Personal name | Rivera Rodríguez, Hugo Alberto, |
| Relator term | autor |
| 9 (RLIN) | 11753 |
| 942 ## - ADDED ENTRY ELEMENTS (KOHA) | |
| Source of classification or shelving scheme | Dewey Decimal Classification |
| Koha item type | Books |
| Withdrawn status | Lost status | Source of classification or shelving scheme | Materials specified (bound volume or other part) | Damaged status | Not for loan | Home library | Current library | Shelving location | Date acquired | Source of acquisition | Full call number | Barcode | Date last seen | Copy number | Price effective from | Koha item type | Total Checkouts |
|---|---|---|---|---|---|---|---|---|---|---|---|---|---|---|---|---|---|
| Dewey Decimal Classification | Donación--15/04/2018-- | Biblioteca Pública José María del Castillo y Rada | Biblioteca Pública José María del Castillo y Rada | General Stacks | 11/28/2019 | Donación | 658.4012 / R277a | 430012023 | 05/16/2024 | Ej.1 | 11/28/2019 | Books | |||||
| Dewey Decimal Classification | Donación--15/04/2018-- | Biblioteca Pública José María del Castillo y Rada | Biblioteca Pública José María del Castillo y Rada | General Stacks | 11/28/2019 | Donación | 658.4012 / R277a | 430012024 | 05/16/2024 | Ej.2 | 11/28/2019 | Books |